Química para ingenieros : guía metodológica
| Main Author: | |
|---|---|
| Format: | Section = Libro |
| Language: | Undetermined Spanish |
| Published: |
La Habana
Pueblo y Educación
1973
|
| Subjects: |
| LEADER | 00512nam a2200181Ia 4500 | ||
|---|---|---|---|
| 008 | 240829s9999 xx 000 0 und d | ||
| 040 | |a BIBLIOTECA-RUPAP 540 G643 | ||
| 041 | |a spa | ||
| 082 | |a 540 G643 | ||
| 100 | 1 | |a González, Martha | |
| 245 | 1 | 0 | |a Química para ingenieros : guía metodológica |
| 260 | |a La Habana |b Pueblo y Educación |c 1973 | ||
| 300 | |a 153 p. :il. | ||
| 650 | 7 | |a QUIMICA | |
| 650 | 7 | |b FISICOQUIMICA. I. Lara, Alpha Rosa, coaut. II. Tít. | |
| 942 | |c BK |2 ddc | ||
| 991 | |a TEXTO | ||
| 999 | |c 7742 | ||